Fondo de proyectos de mejoramiento educativo para educación básica y media

সংরক্ষণ করুন:
গ্রন্থ-পঞ্জীর বিবরন
সংস্থা লেখক: Ministerio de Educación (Author)
বিন্যাস: গ্রন্থ
ভাষা:স্প্যানিশ
প্রকাশিত: Santiago Ministerio de Educación 1999
বিষয়গুলি:
ট্যাগগুলো: ট্যাগ যুক্ত করুন
কোনো ট্যাগ নেই, প্রথমজন হিসাবে ট্যাগ করুন!

MARC

LEADER 00000nam a2200000 a 4500
001 UCO5701
003 CL-VaPUC
008 000915e19990000CL |||||||||||||||||spa|d
082 0 4 |a 370.11  |b MIN  |2 21 
110 |a Ministerio de Educación  |e author  |9 455734 
245 1 0 |a Fondo de proyectos de mejoramiento educativo para educación básica y media 
300 |a 16 p 
942 |c BK 
945 |d 20000915 00:00:00  |a rbrito 
260 |a Santiago  |b Ministerio de Educación  |c 1999 
650 0 |a Calidad de la educación   |9 307271 
650 0 |a Educación básica   |9 224933 
583 |a last modification  |c 20000915 00:00:00  |k Rodrigo Vera 
999 |c 291540  |d 291538 
952 |0 0  |1 0  |4 0  |6 370_110000000000000_MIN_1999  |7 0  |8 A  |9 341440  |a BIBEDU  |b BIBEDU  |d 2019-11-20  |i 3580296  |o 370.11 MIN 1999  |p 3580296  |r 2019-11-20  |w 2019-11-20  |y BK  |k BME